Normal view
MARC view
- Taruna Varghese
Entry Personal Name
001 - CONTROL NUMBER
- control field: 3523
003 - CONTROL NUMBER IDENTIFIER
- control field: OSt
005 - DATE AND TIME OF LATEST TRANSACTION
- control field: 20181001154020.0
008 - FIXED-LENGTH DATA ELEMENTS
- fixed length control field: 181001|| aca||aabn | a|a d
040 ## - CATALOGING SOURCE
- Original cataloging agency: OSt
- Transcribing agency: OSt
100 ## - HEADING--PERSONAL NAME
- Personal name: Taruna Varghese
670 ## - SOURCE DATA FOUND
- Source citation: Work cat.: (OSt)14783: Nitha,N 3520, Development of shelf stable jackfruit variety by thermal processing in report pouch
